| 000 | 01196cam a2200325 a 4500 | ||
|---|---|---|---|
| 001 | 2523687 | ||
| 003 | Ke-BoTe | ||
| 005 | 20220607151023.0 | ||
| 008 | 930820s1994 nyu b 001 0 eng c | ||
| 010 | _a 93023541 | ||
| 020 | _a0827359853 | ||
| 040 |
_aDNLM/DLC _cDLC _dDLC |
||
| 050 | 0 | 0 |
_aRT120.I5 _bW35 1994 |
| 060 | 0 | 0 | _aWY 154 W145n 1994 |
| 082 | 0 | 0 |
_a610.73/61 _220 |
| 100 | 1 |
_aWaite, Linda G. _97832 |
|
| 245 | 1 | 0 |
_aNoncardiac critical care nursing / _cLinda G. Waite, Joanne M. Krumberger. |
| 260 |
_aAlbany, NY : _bDelmar Publishers, _cc1994. |
||
| 300 |
_axix, 513 p. ; _c23 cm. |
||
| 440 | 0 |
_aPlans of care for specialty practice _97303 |
|
| 504 | _aIncludes bibliographical references and index. | ||
| 650 | 0 |
_aIntensive care nursing. _93748 |
|
| 650 | 0 |
_aNursing care plans. _94067 |
|
| 650 | 2 |
_aCritical Care _xnurses' instruction. _93886 |
|
| 650 | 2 |
_aPatient Care Planning _xnurses' instruction. _97415 |
|
| 700 | 1 |
_aKrumberger, Joanne M. _97833 |
|
| 906 |
_a7 _bcbc _corignew _d1 _eocip _f19 _gy-gencatlg |
||
| 942 |
_2lcc _cBK _n0 |
||
| 999 |
_c3678 _d3678 |
||